书目信息 |
| 题名: |
科学年鉴
|
|
| 作者: | 诺尔特 主编 | |
| 分册: | ||
| 出版信息: | 北京 科学出版社 1985.11 |
|
| 页数: | 204页 | |
| 开本: | 26cm | |
| 丛书名: | ||
| 单 册: | ||
| 中图分类: | N54 | |
| 科图分类: | ||
| 主题词: | 自然科学--年鉴 , 自然科学--年刊 | |
| 电子资源: | ||
| ISBN: | ||
| 000 | 00598nam0 2200217 45 | |
| 001 | 0312221749 | |
| 005 | 20051114095320.98 | |
| 010 | @dCNY2.40 | |
| 091 | @a13031.3043 | |
| 100 | @a20031222d1985 km y0chiy0120 ea | |
| 101 | @achi@ceng | |
| 200 | 1 | @a科学年鉴@AKe Xue Nian Jian@e1984@f(美)威廉H·诺尔特主编@F(Mei)Wei LianH·Nuo Er Te Zhu Bian |
| 210 | @a北京@c科学出版社@d1985.11 | |
| 215 | @a204页@d26cm | |
| 517 | @a1984 | |
| 606 | 0 | @a自然科学@x年鉴 |
| 606 | 0 | @a自然科学@x年刊 |
| 690 | @aN54@v3 | |
| 701 | 0 | @a诺尔特@4主编 |
| 801 | @aCN@bTSTCL@c20051114 | |
| 905 | @dN54@e120:1984@f1@b148969 | |
| 科学年鉴:1984/(美)威廉H·诺尔特主编.-北京:科学出版社,1985.11 |
| 204页;26cm |
| ISBN :CNY2.40 |
| ● |
| 相关链接 |
|
|
|
|
正题名:科学年鉴
索取号:N54/120:1984
 
预约/预借
| 序号 | 登录号 | 条形码 | 馆藏地/架位号 | 状态 | 备注 |
| 1 | 0148968 | 202143509 | 密集书库/ [索取号:N54/120:1984] | 在馆 | |
| 2 | 0148969 | 001201522 | 第三借阅区/ [索取号:N54/120:1984] | 在馆 | |
| 3 | 0148970 | 202088659 | 第二样本阅览室/ [索取号:N54/120:1984] | 在馆 |